ბათუმის შოთა რუსთაველის სახელმწიფო უნივერსიტეტის ბიბლიოთეკა

Revolution 1989 : (ბიბ.ჩანაწერი № 57931)

000 -LEADER
fixed length control field 01679cam a22003374a 4500
001 - CONTROL NUMBER
control field 16702567
005 - DATE AND TIME OF LATEST TRANSACTION
control field 20210402123956.0
008 - FIXED-LENGTH DATA ELEMENTS--GENERAL INFORMATION
fixed length control field 110322r20102009nyuabf b 001 0 eng
010 ## - LIBRARY OF CONGRESS CONTROL NUMBER
LC control number 2011401220
020 ## - INTERNATIONAL STANDARD BOOK NUMBER
International Standard Book Number 9780307387929
040 ## - CATALOGING SOURCE
Original cataloging agency DLC
Transcribing agency DLC
Modifying agency DLC
043 ## - GEOGRAPHIC AREA CODE
Geographic area code e-ur---
050 00 - LIBRARY OF CONGRESS CALL NUMBER
Classification number DK288
Item number .S393 2010
080 ## - UNIVERSAL DECIMAL CLASSIFICATION NUMBER
Universal Decimal Classification number 94(470) S-44
100 1# - MAIN ENTRY--PERSONAL NAME
Personal name Sebestyen, Victor,
Dates associated with a name 1956-
9 (RLIN) 10997
245 10 - TITLE STATEMENT
Title Revolution 1989 :
Remainder of title the fall of the Soviet empire /
Statement of responsibility, etc. Victor Sebestyen.
250 ## - EDITION STATEMENT
Edition statement 1st Vintage books ed.
260 ## - PUBLICATION, DISTRIBUTION, ETC.
Place of publication, distribution, etc. New York :
Name of publisher, distributor, etc. Pantheon Books,
Date of publication, distribution, etc. 2010, c2009.
300 ## - PHYSICAL DESCRIPTION
Extent xxi, 451 p. [16] p. of plates :
Other physical details ill., map ;
Dimensions 21 cm.
504 ## - BIBLIOGRAPHY, ETC. NOTE
Bibliography, etc. note Includes bibliographical references (p. [405]-428) and index.
520 ## - SUMMARY, ETC.
Summary, etc. Documents the collapse of the Soviet Union's European empire (East Germany, Poland, Czechoslvakia, Hungary, Romania, and Bulgaria) and the transition of each to independent states, drawing on interviews and newly uncovered archival material to offer insight into 1989's rapid changes and the USSR's minimal resistance.
651 #0 - SUBJECT ADDED ENTRY--GEOGRAPHIC NAME
Geographic name Soviet Union
General subdivision Politics and government
Chronological subdivision 1985-1991.
9 (RLIN) 10998
651 #0 - SUBJECT ADDED ENTRY--GEOGRAPHIC NAME
Geographic name Europe, Eastern
General subdivision Politics and government
Chronological subdivision 1989-
9 (RLIN) 10999
651 #0 - SUBJECT ADDED ENTRY--GEOGRAPHIC NAME
Geographic name Europe, Central
General subdivision Politics and government
Chronological subdivision 1989-
9 (RLIN) 11000
653 ## - INDEX TERM--UNCONTROLLED
keyword Revolution 1989 : The Fall of the Soviet Empire
653 ## - INDEX TERM--UNCONTROLLED
keyword რევოლუცია 1989 : საბჭოთა იმპერიის დაცემა
653 ## - INDEX TERM--UNCONTROLLED
keyword Революция 1989 : Падение Советской империи
906 ## - LOCAL DATA ELEMENT F, LDF (RLIN)
a 7
b cbc
c origres
d 2
e ncip
f 20
g y-gencatlg
942 ## - ADDED ENTRY ELEMENTS (KOHA)
Source of classification or shelving scheme
Koha item type წიგნი
ეგზემპლარები
Withdrawn status Lost status Source of classification or shelving scheme Damaged status Not for loan Permanent Location Current Location Shelving location Date acquired Cost, normal purchase price Full call number Barcode Date last seen Copy number Price effective from Koha item type Public note
          ბათუმის შოთა რუსთაველის სახელმწიფო უნივერსიტეტის მთავარი ბიბლიოთეკა ბათუმის შოთა რუსთაველის სახელმწიფო უნივერსიტეტის მთავარი ბიბლიოთეკა წიგნსაცავი 2021-04-02 50.00 94(470) S-44 54113 2021-04-02 54113 2021-04-02 წიგნი 50.00 GEL.
          ბათუმის შოთა რუსთაველის სახელმწიფო უნივერსიტეტის მთავარი ბიბლიოთეკა ბათუმის შოთა რუსთაველის სახელმწიფო უნივერსიტეტის მთავარი ბიბლიოთეკა წიგნსაცავი 2021-04-02 50.00 94(470) S-44 54114 2021-04-02 54114 2021-04-02 წიგნი 50.00 GEL.